000 00543nam a22001817a 4500
005 20251108164127.0
008 250721s1996 xx 000 0 ara d
082 1 4 _a031.02/بدي
100 1 _aبديع، محمود
245 1 0 _aسباق المعلومات :
_b500 سؤال و جواب /
264 1 _aعمان :
_bدار الإسراء للنشر و التوزيع،
_c1996.
300 _a96ص
650 1 7 _aالأسئلة و الأجوبة
650 1 7 _aالثقافة
650 1 7 _aالعلوم
942 _2ddc
_cBK
999 _c4306
_d4306